| 000 | 00807cam a2200253 a 4500 | ||
|---|---|---|---|
| 001 | 000019746 | ||
| 005 | 20200929170126.0 | ||
| 008 | 890714s1969 sp 001 f spa d | ||
| 040 |
_aDO-SdBNP _cDLC _dDLC |
||
| 082 |
_a863.5 _bP434p, 1969 |
||
| 100 | 1 |
_aPereda, José María de, _d1833-1906 _922416 |
|
| 245 | 1 | 0 |
_aPeñas arriba / _cJosé María de Pereda. |
| 250 | _a5a ed. | ||
| 260 |
_aMadrid : _bEspasa-Calpe, _c1969. |
||
| 300 |
_a263 p. ; _c18 cm. |
||
| 490 | 1 |
_aAustral. Azul: novelas y cuentos en general _v414 |
|
| 500 | _aIncluye índice de autores. | ||
| 650 | 4 |
_aNovela española _91123 |
|
| 650 | 4 |
_aLiteratura española _ySIGLO XX _93326 |
|
| 830 | 0 |
_aAustral. _pAzul: novelas y cuentos en general; _v414 _922386 |
|
| 910 | _aCatalogación derivada / LC | ||
| 910 | _aWM | ||
| 049 | _aBNGR | ||
| 999 |
_c19260 _d19260 |
||